আধুনিক দৃষ্টিকোণে মান জু'র:দ্য আর্ট অব এয়ার / (Record no. 11614)
[ view plain ]
| 000 -LEADER | |
|---|---|
| fixed length control field | 00833nam a2200241 a 4500 |
| 001 - CONTROL NUMBER | |
| JCCL Control Number | 11614 |
| 003 - CONTROL NUMBER IDENTIFIER | |
| JCCL marc code | BD-JhCC |
| 005 - DATE AND TIME OF LATEST TRANSACTION | |
| control field | 20221025134022.0 |
| 008 - FIXED-LENGTH DATA ELEMENTS--GENERAL INFORMATION | |
| fixed length control field | 200707b20152018bg a|||| ||a| 001 0 ben d |
| 020 ## - INTERNATIONAL STANDARD BOOK NUMBER | |
| International Standard Book Number | 9789849318675 |
| 035 ## - SYSTEM CONTROL NUMBER | |
| system control number | (BD-JhCC)11614 |
| 040 ## - CATALOGING SOURCE | |
| Original cataloging agency | BD-JhCC |
| Modifying agency | BD-JhCC |
| 041 ## - LANGUAGE CODE | |
| Language code of Book | ben |
| 082 ## - DEWEY DECIMAL CLASSIFICATION NUMBER | |
| Classification number | 355.02 |
| Author mark and Year | HOS 2018 |
| 100 ## - MAIN ENTRY--PERSONAL NAME | |
| Personal name | হোসেন, মোঃ দেলোয়ার |
| 245 ## - TITLE STATEMENT | |
| Title | আধুনিক দৃষ্টিকোণে মান জু'র:দ্য আর্ট অব এয়ার / |
| Statement of responsibility, etc | মোঃ দেলোয়ার হোসেন । |
| 260 ## - PUBLICATION, DISTRIBUTION, ETC. (IMPRINT) | |
| Place of publication, distribution, etc | ঢাকা: |
| Name of publisher, distributor, etc | নালন্দা; |
| Date of publication, distribution, etc | ২০১৮. |
| 300 ## - PHYSICAL DESCRIPTION | |
| Pagination | 167 p. : |
| Other physical details | ill; |
| Dimensions | 22 cm. |
| 610 ## - SUBJECT ADDED ENTRY--CORPORATE NAME | |
| Corporate name or jurisdiction name as entry element | War (Philosophy) |
| 650 ## - SUBJECT ADDED ENTRY--TOPICAL TERM | |
| Topical term or geographic name as entry element | Military art and science |
| Geographic subdivision | Military history |
| 942 ## - ADDED ENTRY ELEMENTS (KOHA) | |
| Source of classification or shelving scheme | Dewey Decimal Classification |
| Koha item type | Books |
| Koha issues (borrowed), all copies | 4 |
| Source of classification or shelving scheme | Damaged status | Not for loan | Home library | Current library | Shelving location | Date of accession | Cost, normal purchase price | Total Checkouts | Full call number | Barcode | Date last seen | Date checked out | Copy number | Koha item type |
|---|---|---|---|---|---|---|---|---|---|---|---|---|---|---|
| Dewey Decimal Classification | JCC Rouf Library | JCC Rouf Library | General Stacks | 07/07/2020 | 262.00 | 4 | 355.02 HOS 2018 | 15788 | 06/22/2023 | 05/11/2023 | C-1 | Books |